=LDR 00000nam 2200000 4500 =001 INLIS000000000000236 =005 20150302134331.0 =006 =007 =008 Ind =035 ##$$0010-061300000000236 =041 ##$$a Ind =082 ##$$a 615.5 =090 ##$$a 615.5 Pan t =100 ##$$a Panati, Charles =245 ##$$a Terobosan dalam bidang pengobatan / Charles Panati ; penerjemah, Arman Tarmisi =260 ##$$aBandung$bRemaja Rosda Karya$c1989 =300 ##$$a xix,133 hlm. : ilus. ; 21 cm =650 ##$$a Terapi =700 ##$$a Tarmisi, Arman =850 ##$$a NBPNMAT